|
|
|
|
| LEADER |
00000nab a2200000 ar4500 |
| 001 |
vtls011618756 |
| 003 |
SK-MaSNL |
| 005 |
20260305040306.0 |
| 008 |
170320c 2015xo mr|p|||||||000 b|slo |
| 038 |
|
|
|a SNSK
|
| 040 |
|
|
|b slo
|c SNSK
|e AACR2
|
| 041 |
|
|
|a slo
|
| 044 |
|
|
|a xo
|c SK
|
| 080 |
|
|
|a 622.867
|2 2011
|
| 080 |
|
|
|a 627.775
|2 2011
|
| 080 |
|
|
|a 614.86
|2 2011
|
| 100 |
1 |
|
|a Maceják, Bohuš
|4 aut
|9 1092394
|
| 245 |
1 |
0 |
|a Záchrana turistu sa zmenila na katastrofu
|c Bohuš Maceják
|
| 300 |
|
|
|b Fotogr.
|
| 610 |
2 |
7 |
|a Letecká záchranná služba ATE (Poprad, Slovensko)
|2 snsk
|9 1296890
|
| 650 |
0 |
7 |
|a letecká záchranná služba
|2 snsk
|9 51025
|
| 650 |
0 |
7 |
|a letecké nehody
|2 SNKPH
|9 69420
|
| 650 |
0 |
7 |
|a záchranné práce
|2 snsk
|9 29494
|
| 651 |
|
7 |
|a Slovenský raj (Slovensko : pohorie)
|2 snsk
|9 65478
|
| 651 |
|
7 |
|a Spišská Nová Ves (Slovensko : okres)
|2 snsk
|9 22259
|
| 773 |
0 |
|
|t naše novinky : týždenník Spišská Nová Ves
|g Roč. II., č. 14/ 2015, s. 3
|
| 852 |
|
|
|a SNSK
|b KIS3GCP
|
| 999 |
|
|
|c 3337713
|d 3339643
|